[Event "Europa ch 2012 femenino"]
[Site "Gaziantep TUR"]
[Date "2012.03.11"]
[Round "9.28"]
[White "Seps, Monika"]
[Black "Uta, Adeline-Ramona"]
[Result "1-0"]
[WhiteElo "2208"]
[BlackElo "2098"]
[PlyCount "89"]
[EventDate "2012.03.02"]
[EventType "swiss"]
[EventRounds "11"]
[EventCountry "TUR"]
[Source "lmi"]
[SourceDate "2012.03.02"]

1. e4 c5 2. Nf3 d6 3. d4 cxd4 4. Qxd4 a6 5. c4 Nc6 6. Qe3 g6 7. h3 Bg7 8. Be2
Nf6 9. O-O O-O 10. Nc3 Bd7 11. Rd1 Qb8 12. c5 Nb4 13. Qd2 Rd8 14. cxd6 Qxd6 15.
Qxd6 exd6 16. Bf4 Bc6 17. a3 Nc2 18. Rac1 Nxe4 19. Rxc2 Nxc3 20. Rxc3 Bxc3 21.
bxc3 d5 22. Ne5 Ba4 23. Rd4 b5 24. Bf3 Bb3 25. Ng4 Rac8 26. Nf6+ Kg7 27. Be5
Kf8 28. Nxh7+ Ke8 29. Nf6+ Ke7 30. Rd2 Rc6 31. Ng4 f5 32. Ne3 Ke6 33. Bd4 Rcc8
34. g4 f4 35. Ng2 Rf8 36. g5 Kd6 37. h4 Rce8 38. h5 gxh5 39. Bxh5 Rc8 40. g6 f3
41. g7 Rg8 42. Nh4 Rc7 43. Nf5+ Ke6 44. Bg4 Kf7 45. Nh6+ 1-0

[Event "Europa ch 2012 femenino"]
[Site "Gaziantep TUR"]
[Date "2012.03.11"]
[Round "9.29"]
[White "Tsiganova, Monika"]
[Black "Isgandarova, Khayala"]
[Result "0-1"]
[WhiteElo "2185"]
[BlackElo "2203"]
[PlyCount "78"]
[EventDate "2012.03.02"]
[EventType "swiss"]
[EventRounds "11"]
[EventCountry "TUR"]
[Source "lmi"]
[SourceDate "2012.03.02"]

1. d4 Nf6 2. c4 g6 3. Nc3 Bg7 4. Nf3 O-O 5. Bf4 d6 6. h3 Nbd7 7. e3 c6 8. Be2
Qe8 9. O-O e5 10. Bh2 Qe7 11. Qc2 Ne8 12. b4 f5 13. b5 e4 14. Nd2 Ndf6 15. a4
g5 16. a5 cxb5 17. Nxb5 Bd7 18. Rab1 Bh6 19. Nxd6 Nxd6 20. c5 Nf7 21. Rxb7 Qe8
22. Bc4 Bc6 23. Rc7 Nd5 24. Rxc6 Qxc6 25. Qb3 Nf6 26. Bd6 Kg7 27. d5 Qd7 28.
Bxf8+ Rxf8 29. Rb1 f4 30. Qc3 Qf5 31. Rb7 Kg8 32. d6 Nd7 33. c6 Nde5 34. Bxf7+
Nxf7 35. Nc4 Qd5 36. Rxa7 Bg7 37. Qb4 f3 38. c7 Qd1+ 39. Kh2 Qf1 0-1

[Event "Europa ch 2012 femenino"]
[Site "Gaziantep TUR"]
[Date "2012.03.11"]
[Round "9.30"]
[White "Cemhan, Kardelen"]
[Black "Coimbra, Margarida"]
[Result "1/2-1/2"]
[WhiteElo "1954"]
[BlackElo "2156"]
[PlyCount "85"]
[EventDate "2012.03.02"]
[EventType "swiss"]
[EventRounds "11"]
[EventCountry "TUR"]
[Source "lmi"]
[SourceDate "2012.03.02"]

1. e4 e5 2. Nf3 Nc6 3. d4 exd4 4. Nxd4 Bc5 5. Nb3 Bb6 6. Nc3 Nf6 7. Bg5 h6 8.
Bh4 d6 9. Qe2 Be6 10. O-O-O O-O 11. Kb1 Re8 12. f3 Ne5 13. Nd4 Ng6 14. Bf2 c6
15. Qd2 d5 16. Nxe6 fxe6 17. Bxb6 Qxb6 18. Qe1 Qc7 19. Bd3 d4 20. Ne2 c5 21.
Qg3 Qxg3 22. Nxg3 Rac8 23. b3 a6 24. a4 Nf4 25. Rhg1 Nxd3 26. Rxd3 e5 27. Nf5
Re6 28. c4 b5 29. axb5 axb5 30. cxb5 Rb8 31. Kc2 Rxb5 32. Ra1 Reb6 33. Ra8+ Kh7
34. Ra7 Rb7 35. Rxb7 Rxb7 36. Nd6 Ra7 37. Kb2 Kg6 38. Nc4 Nd7 39. g3 Ra6 40. h4
Rf6 41. Ka3 Ra6+ 42. Kb2 Rf6 43. Ka3 1/2-1/2

[Event "Europa ch 2012 femenino"]
[Site "Gaziantep TUR"]
[Date "2012.03.11"]
[Round "9.31"]
[White "Kaya, Emel"]
[Black "Soyunlu, Narmin"]
[Result "1/2-1/2"]
[WhiteElo "1997"]
[BlackElo "1842"]
[PlyCount "82"]
[EventDate "2012.03.02"]
[EventType "swiss"]
[EventRounds "11"]
[EventCountry "TUR"]
[Source "lmi"]
[SourceDate "2012.03.02"]

1. e4 e6 2. d4 d5 3. Nd2 Nf6 4. e5 Nfd7 5. Bd3 c5 6. c3 Nc6 7. Ne2 cxd4 8. cxd4
f6 9. Nf4 Nxd4 10. Qh5+ Ke7 11. exf6+ Nxf6 12. Ng6+ hxg6 13. Qxh8 Kf7 14. O-O
e5 15. Nb3 Nxb3 16. axb3 Bf5 17. Bxf5 gxf5 18. Bg5 d4 19. Qh3 Qd7 20. Rfe1 Qe6
21. Bxf6 Qxf6 22. Qd3 e4 23. Qb5 Kg6 24. Qxb7 Rd8 25. Ra6 Bd6 26. Rxa7 d3 27.
h4 Rb8 28. h5+ Kh6 29. Qf7 Qxf7 30. Rxf7 Rxb3 31. Rxf5 d2 32. Rd1 Rxb2 33. Rd5
Bf4 34. Kf1 Bg5 35. Ke2 Kxh5 36. f4 exf3+ 37. gxf3 Kg6 38. Rd4 Kf5 39. Rd5+ Kf6
40. Kd3 Rb3+ 41. Ke2 Rb2 1/2-1/2

[Event "Europa ch 2012 femenino"]
[Site "Gaziantep TUR"]
[Date "2012.03.11"]
[Round "9.32"]
[White "Alev, Gonulden Seda"]
[Black "Arig, Busra"]
[Result "0-1"]
[WhiteElo "1612"]
[BlackElo "1839"]
[PlyCount "106"]
[EventDate "2012.03.02"]
[EventType "swiss"]
[EventRounds "11"]
[EventCountry "TUR"]
[Source "lmi"]
[SourceDate "2012.03.02"]

1. e4 c5 2. Nf3 e6 3. d4 cxd4 4. Nxd4 a6 5. Bd3 b5 6. a3 Bb7 7. Nc3 d6 8. O-O
Nf6 9. Be3 Nbd7 10. Nb3 d5 11. exd5 Nxd5 12. Nxd5 Bxd5 13. Bd4 Qg5 14. g3 Bd6
15. Qe2 O-O 16. Nd2 f5 17. c4 bxc4 18. Bxc4 Rae8 19. f4 Qd8 20. Bxd5 exd5 21.
Qxa6 Bc5 22. Qd3 Qb6 23. Bxc5 Qxc5+ 24. Kh1 Re3 25. Qb1 d4 26. Qd1 Qd5+ 27. Nf3
d3 28. Rc1 Rfe8 29. Rc3 Nc5 30. Kg1 Rd8 31. b4 Ne4 32. Rc7 Re2 33. Qa1 Nf6 34.
Rc5 Qb7 35. Qc1 Qb6 36. Qc4+ Kf8 37. Ng5 Rd7 38. Nf3 Ne4 39. Nd4 Nxc5 40. bxc5
Qb2 41. Nxe2 Qxe2 42. c6 Qe3+ 43. Kh1 Rc7 44. Qb4+ Kf7 45. Qb3+ Kg6 46. Rd1
Qe4+ 47. Kg1 d2 48. Qc3 Rxc6 49. Qxd2 Rc2 50. Qd6+ Kh5 51. g4+ Kxg4 52. h3+ Kh5
53. Qd5 Rg2+ 0-1

[Event "Europa ch 2012 femenino"]
[Site "Gaziantep TUR"]
[Date "2012.03.11"]
[Round "9.33"]
[White "Dai, Irmak"]
[Black "Patel, Yesim"]
[Result "0-1"]
[WhiteElo "1592"]
[BlackElo "1839"]
[PlyCount "128"]
[EventDate "2012.03.02"]
[EventType "swiss"]
[EventRounds "11"]
[EventCountry "TUR"]
[Source "lmi"]
[SourceDate "2012.03.02"]

1. e4 c5 2. Nf3 Nc6 3. d4 cxd4 4. Nxd4 e5 5. Nf3 Nf6 6. Nbd2 Be7 7. Bc4 O-O 8.
O-O d6 9. h3 h6 10. Re1 Be6 11. b3 Qc7 12. Bb2 Rac8 13. Rc1 Nd7 14. a3 a6 15.
Bf1 f5 16. c4 f4 17. Nb1 Nf6 18. Nh4 Kh7 19. Bd3 g6 20. Nf3 g5 21. Nh2 Nb8 22.
Nc3 Qd8 23. Nd5 Nbd7 24. Ng4 Nxg4 25. hxg4 Nf6 26. Nxf6+ Bxf6 27. Qf3 Kg7 28.
Kh2 Rh8 29. Rh1 Qd7 30. Be2 h5 31. gxh5 g4 32. Qd3 Rxh5+ 33. Kg1 Rxh1+ 34. Kxh1
Rh8+ 35. Kg1 Kg8 36. Bd1 Qh7 37. Kf1 Be7 38. Ke1 Qh2 39. Qf1 b6 40. Ke2 g3 41.
fxg3 fxg3 42. Ke1 Rh7 43. Bf3 Rf7 44. Qe2 Qg1+ 45. Qf1 Qh2 46. Rc3 Bg4 47. Qe2
Qg1+ 48. Qf1 Qh2 49. Qe2 Bg5 50. Qf1 Qh5 51. Ke2 Qg6 52. Qb1 Bxf3+ 53. Rxf3
Rxf3 54. gxf3 g2 55. Qg1 Bf4 56. Kf2 Qg3+ 57. Ke2 Qh2 58. Qxh2 Bxh2 59. Kf2
g1=Q+ 60. Ke2 Qg2+ 61. Ke1 Qxb2 62. Kf1 Bg3 63. Kg1 Qf2+ 64. Kh1 Qh2# 0-1

[Event "Europa ch 2012 femenino"]
[Site "Gaziantep TUR"]
[Date "2012.03.11"]
[Round "9.37"]
[White "Schleining, Zoya"]
[Black "Zhukova, Natalia"]
[Result "1/2-1/2"]
[WhiteElo "2326"]
[BlackElo "2435"]
[PlyCount "193"]
[EventDate "2012.03.02"]
[EventType "swiss"]
[EventRounds "11"]
[EventCountry "TUR"]
[Source "lmi"]
[SourceDate "2012.03.02"]

1. d4 Nf6 2. c4 e6 3. Nf3 c5 4. d5 exd5 5. cxd5 d6 6. Nc3 g6 7. g3 Bg7 8. Bg2
O-O 9. O-O Re8 10. h3 a6 11. a4 Nbd7 12. Nd2 Rb8 13. Nc4 Ne5 14. Na3 Nh5 15. f4
Nxg3 16. fxe5 Nxf1 17. Qxf1 Rxe5 18. Nc4 Rf5 19. Qe1 Rh5 20. Qg3 b5 21. axb5
axb5 22. Qxd6 Bxh3 23. Bf4 Bxg2 24. Kxg2 Qxd6 25. Bxd6 Re8 26. Nxb5 Rxd5 27. e4
Rg5+ 28. Kf3 Bf8 29. Bf4 Rh5 30. Nc3 Rh3+ 31. Bg3 Bg7 32. Nd5 h5 33. Kg2 Rxg3+
34. Kxg3 Rxe4 35. Ra8+ Kh7 36. Nde3 Re7 37. Kf3 Bd4 38. Rb8 Re6 39. Nd5 g5 40.
Nce3 g4+ 41. Ke2 h4 42. Rb7 Kg7 43. Kd3 h3 44. Nxg4 Rg6 45. Nh2 Rg2 46. Nf3 Rf2
47. Ke4 Bxb2 48. Nf4 h2 49. Nxh2 Rxh2 50. Ne6+ Kg6 51. Nxc5 f5+ 52. Kf3 Bd4 53.
Ne6 Be5 54. Nf8+ Kg5 55. Rh7 Ra2 56. Ne6+ Kg6 57. Nf8+ Kg5 58. Ne6+ Kf6 59.
Rh6+ Ke7 60. Nc5 Ra3+ 61. Ke2 Bf6 62. Rh5 Ra2+ 63. Kf3 Bd4 64. Nd3 Kf6 65. Rh6+
Kg5 66. Rd6 Ba7 67. Rd7 Ra6 68. Nf4 Bb8 69. Nd3 Rh6 70. Rg7+ Kf6 71. Rb7 Bd6
72. Rb6 Rh3+ 73. Ke2 Ke7 74. Ra6 Rg3 75. Ne1 Ke6 76. Nf3 Kd5 77. Ke3 f4+ 78.
Ke2 Bc5 79. Rf6 Be3 80. Rf5+ Kd6 81. Rg5 Rh3 82. Rg6+ Kd5 83. Rg5+ Kc4 84. Ne5+
Kc3 85. Nf3 Rh8 86. Rg7 Kc4 87. Rc7+ Kd5 88. Rd7+ Ke6 89. Rb7 Ra8 90. Rb5 Kf6
91. Kd3 Bc1 92. Nd4 Rd8 93. Ke4 Re8+ 94. Kf3 Re3+ 95. Kxf4 Re5+ 96. Kf3 Rxb5
97. Ke4 1/2-1/2

[Event "Europa ch 2012 femenino"]
[Site "Gaziantep TUR"]
[Date "2012.03.11"]
[Round "9.38"]
[White "Gvetadze, Sofio"]
[Black "Romanko, Marina"]
[Result "0-1"]
[WhiteElo "2334"]
[BlackElo "2417"]
[PlyCount "110"]
[EventDate "2012.03.02"]
[EventType "swiss"]
[EventRounds "11"]
[EventCountry "TUR"]
[Source "lmi"]
[SourceDate "2012.03.02"]

1. d4 d5 2. c4 c6 3. Nf3 Nf6 4. Nc3 e6 5. g3 dxc4 6. Bg2 b5 7. Ne5 Nd5 8. O-O
f6 9. Ng4 Nd7 10. e4 Nxc3 11. bxc3 Bb7 12. a4 a6 13. Ne3 Qe7 14. Qc2 Qf7 15.
Rb1 Rb8 16. Rd1 Be7 17. d5 Ne5 18. dxe6 Qxe6 19. Nf5 O-O 20. Bf4 Kh8 21. Qe2
Rbd8 22. Nd4 Qf7 23. Nf5 Bc5 24. Be3 Bxe3 25. Qxe3 g6 26. Nd4 Qe7 27. Ne2 Bc8
28. h3 Nd3 29. Qb6 Qc5 30. Qxc5 Nxc5 31. axb5 cxb5 32. Nd4 Rd6 33. Re1 Re8 34.
Re3 Na4 35. Ne2 Rd2 36. Re1 Bb7 37. Nf4 Re5 38. Nd5 Bxd5 39. f4 Rxg2+ 40. Kxg2
Rxe4 41. Kf2 f5 42. Ra1 Kg7 43. Ra3 Kf6 44. Rxe4 Bxe4 45. Ke3 Ke6 46. Kd4 Kd6
47. Ra1 Nc5 48. Ra2 a5 49. g4 Nb3+ 50. Ke3 Kc5 51. gxf5 Bxf5 52. h4 h5 53. Kf2
b4 54. cxb4+ Kxb4 55. Ke3 c3 0-1

[Event "Europa ch 2012 femenino"]
[Site "Gaziantep TUR"]
[Date "2012.03.11"]
[Round "9.43"]
[White "Gaponenko, Inna"]
[Black "Ziaziulkina, Nastassia"]
[Result "1-0"]
[WhiteElo "2416"]
[BlackElo "2343"]
[PlyCount "69"]
[EventDate "2012.03.02"]
[EventType "swiss"]
[EventRounds "11"]
[EventCountry "TUR"]
[Source "lmi"]
[SourceDate "2012.03.02"]

1. e4 c5 2. Ne2 Nf6 3. Nbc3 e5 4. d3 Be7 5. g3 O-O 6. Bg2 Nc6 7. O-O d6 8. f4
Nd4 9. h3 Rb8 10. a4 a6 11. g4 b5 12. axb5 axb5 13. Ng3 Bb7 14. Nce2 exf4 15.
Nxf4 Nd7 16. c3 Ne6 17. Nf5 Nxf4 18. Bxf4 Ne5 19. d4 cxd4 20. cxd4 Ng6 21. Bg3
Nh4 22. Bxh4 Bxh4 23. Qb3 Bg5 24. Qb4 d5 25. e5 Bc8 26. Kh2 Be6 27. Ra7 g6 28.
Nd6 f6 29. Qc5 fxe5 30. Bxd5 Rxf1 31. Bxe6+ Kh8 32. Qxe5+ Qf6 33. Nf7+ Kg7 34.
Nxg5+ Kh6 35. Rxh7# 1-0

[Event "Europa ch 2012 femenino"]
[Site "Gaziantep TUR"]
[Date "2012.03.11"]
[Round "9.44"]
[White "Ivakhinova, Inna"]
[Black "Bodnaruk, Anastasia"]
[Result "0-1"]
[WhiteElo "2285"]
[BlackElo "2412"]
[PlyCount "120"]
[EventDate "2012.03.02"]
[EventType "swiss"]
[EventRounds "11"]
[EventCountry "TUR"]
[Source "lmi"]
[SourceDate "2012.03.02"]

1. d4 Nf6 2. Nf3 g6 3. g3 Bg7 4. Bg2 O-O 5. O-O d6 6. a4 a5 7. b3 Nc6 8. Bb2 e5
9. dxe5 Ng4 10. Qd2 dxe5 11. h3 Nh6 12. e4 f5 13. Nc3 Nd4 14. Rad1 Nxf3+ 15.
Bxf3 Qxd2 16. Rxd2 c6 17. Kg2 Nf7 18. h4 Be6 19. Ne2 g5 20. exf5 Bxf5 21. g4
Be6 22. Ba3 Rfd8 23. Rxd8+ Rxd8 24. Nc3 gxh4 25. Ne4 Nh6 26. Kh3 Rd4 27. Re1 b5
28. Bb2 Rd8 29. Kxh4 b4 30. Kg3 Bd5 31. Nd2 Nf7 32. Be2 Bh6 33. Nc4 Bf4+ 34.
Kh4 Re8 35. f3 Re6 36. Kh3 Rh6+ 37. Kg2 Rh2+ 38. Kf1 Rh1+ 39. Kf2 Rh2+ 40. Kf1
Rh1+ 41. Kf2 Bg3+ 42. Kxg3 Rxe1 43. Kf2 Rb1 44. Bxe5 Nxe5 45. Nxe5 Rb2 46. Bd3
Bxb3 47. Nxc6 Bxc2 48. Bc4+ Kg7 49. Nxa5 Bxa4+ 50. Ke3 Bd1 51. Bd5 b3 52. Kd3
Rf2 53. Nxb3 Bxb3 54. Bxb3 Rxf3+ 55. Kc2 Rf4 56. Be6 Kf6 57. Bd7 Rd4 58. Bf5 h5
59. Kc3 Rd8 60. Kc4 Ke5 0-1

[Event "Europa ch 2012 femenino"]
[Site "Gaziantep TUR"]
[Date "2012.03.11"]
[Round "9.47"]
[White "Kursova, Maria"]
[Black "Michna, Marta"]
[Result "1-0"]
[WhiteElo "2328"]
[BlackElo "2383"]
[PlyCount "91"]
[EventDate "2012.03.02"]
[EventType "swiss"]
[EventRounds "11"]
[EventCountry "TUR"]
[Source "lmi"]
[SourceDate "2012.03.02"]

1. d4 d6 2. Nf3 g6 3. c4 Bg7 4. g3 Nf6 5. Bg2 O-O 6. Nc3 Bg4 7. h3 Bxf3 8. Bxf3
Nc6 9. O-O Nd7 10. e3 e5 11. d5 Ne7 12. Bg2 f5 13. e4 Nf6 14. Rb1 Nxe4 15. Nxe4
fxe4 16. Bxe4 Nf5 17. b4 a5 18. a3 axb4 19. axb4 Qd7 20. h4 Ra2 21. Bb2 Nxh4
22. gxh4 Qh3 23. Bg2 Qxh4 24. Qb3 Raa8 25. Bc1 Rf5 26. Qh3 Qxc4 27. Be3 e4 28.
Rbc1 Qxd5 29. Rxc7 Re8 30. Rfc1 b5 31. Ra7 Rf7 32. Rc8 Rxa7 33. Rxe8+ Kf7 34.
Rxe4 Ra1+ 35. Kh2 Qf5 36. Qxh7 Kf8 37. Qh3 Be5+ 38. f4 Ra2 39. Qf3 g5 40. Rxe5
Qh7+ 41. Qh3 Qxh3+ 42. Kxh3 dxe5 43. Bc5+ Kg7 44. fxe5 g4+ 45. Kg3 Kg6 46. e6
1-0

[Event "Europa ch 2012 femenino"]
[Site "Gaziantep TUR"]
[Date "2012.03.11"]
[Round "9.48"]
[White "Kashlinskaya, Alina"]
[Black "Manakova, Maria"]
[Result "1-0"]
[WhiteElo "2377"]
[BlackElo "2315"]
[PlyCount "105"]
[EventDate "2012.03.02"]
[EventType "swiss"]
[EventRounds "11"]
[EventCountry "TUR"]
[Source "lmi"]
[SourceDate "2012.03.02"]

1. d4 d5 2. c4 e6 3. Nc3 Nf6 4. cxd5 Nxd5 5. e4 Nxc3 6. bxc3 c5 7. Nf3 cxd4 8.
cxd4 Bb4+ 9. Bd2 Bxd2+ 10. Qxd2 O-O 11. Bc4 b6 12. O-O Bb7 13. Rfe1 Nc6 14.
Rad1 Na5 15. Bd3 Rc8 16. d5 Qe7 17. Qf4 h6 18. d6 Qf6 19. Qg3 Qb2 20. Bb1 Rc5
21. e5 Bd5 22. h4 Nc6 23. Nd2 Rc3 24. Qf4 f6 25. exf6 Rxf6 26. Qg4 Nd8 27. f3
Qa3 28. Ne4 Bxe4 29. Bxe4 Qxa2 30. d7 Qc4 31. Kh1 Qc7 32. Bb1 Rc5 33. Ba2 Re5
34. f4 Rxe1+ 35. Rxe1 Qxd7 36. f5 Qd2 37. Re2 Qd1+ 38. Kh2 Rxf5 39. Bc4 Qd6+
40. g3 Rf6 41. Qe4 Qc5 42. Qd3 Rf2+ 43. Kh3 Rf8 44. Rc2 Qg1 45. Qe4 Re8 46. Bb5
Rf8 47. Bd3 Rf5 48. Rc8 Rf8 49. Qh7+ Kf7 50. Rc7+ Ke8 51. Bb5+ Nc6 52. Bxc6+
Kd8 53. Qd3+ 1-0

[Event "Europa ch 2012 femenino"]
[Site "Gaziantep TUR"]
[Date "2012.03.11"]
[Round "9.50"]
[White "Bezgodova, Maria"]
[Black "Arabidze, Meri"]
[Result "0-1"]
[WhiteElo "2200"]
[BlackElo "2337"]
[PlyCount "112"]
[EventDate "2012.03.02"]
[EventType "swiss"]
[EventRounds "11"]
[EventCountry "TUR"]
[Source "lmi"]
[SourceDate "2012.03.02"]

1. e4 c6 2. d4 d5 3. Nd2 dxe4 4. Nxe4 Bf5 5. Ng3 Bg6 6. h4 h6 7. Nf3 Nd7 8. h5
Bh7 9. Bd3 Bxd3 10. Qxd3 e6 11. Bd2 Ngf6 12. Qe2 Be7 13. O-O-O O-O 14. Ne5 c5
15. dxc5 Nxc5 16. Ng4 Qc7 17. Kb1 Rfd8 18. Bc3 Qf4 19. Nxf6+ Bxf6 20. Bxf6 Qxf6
21. Qe3 b6 22. c3 a5 23. Kc2 a4 24. Rxd8+ Rxd8 25. Rd1 Rxd1 26. Kxd1 Qd8+ 27.
Qd2 Qd3 28. Kc1 a3 29. bxa3 Qa6 30. Kb2 Qb5+ 31. Kc1 Qa5 32. Kb2 Na4+ 33. Kc2
Qc5 34. Qd8+ Kh7 35. Qd3+ f5 36. Qd2 Qxa3 37. Kd3 b5 38. Qc2 Qd6+ 39. Ke2 Qc5
40. Kd3 Qd5+ 41. Ke3 Qxg2 42. Qb3 Qc6 43. Ne2 Qc5+ 44. Kd2 Qd6+ 45. Kc2 Qe5 46.
Kd2 Nc5 47. Qb4 Ne4+ 48. Kc2 Nxf2 49. Nf4 Ne4 50. Ne2 Qd5 51. Qd4 Qxa2+ 52. Kd1
e5 53. Qd7 Qb1+ 54. Nc1 Nxc3+ 55. Kd2 Qb2+ 56. Kd3 e4+ 0-1

[Event "Europa ch 2012 femenino"]
[Site "Gaziantep TUR"]
[Date "2012.03.11"]
[Round "9.51"]
[White "Mikadze, Miranda"]
[Black "Motycakova, Monika"]
[Result "1-0"]
[WhiteElo "2329"]
[BlackElo "2087"]
[PlyCount "67"]
[EventDate "2012.03.02"]
[EventType "swiss"]
[EventRounds "11"]
[EventCountry "TUR"]
[Source "lmi"]
[SourceDate "2012.03.02"]

1. d4 d5 2. Nf3 Nf6 3. Bf4 c5 4. e3 Nc6 5. dxc5 Bg4 6. h3 Bh5 7. g4 Bg6 8. c3
a5 9. Bb5 Be4 10. Nbd2 Nd7 11. Nxe4 dxe4 12. Ne5 Ndxe5 13. Bxe5 Qxd1+ 14. Rxd1
e6 15. Rd4 f6 16. Bd6 e5 17. Rxe4 Bxd6 18. cxd6 O-O-O 19. Ke2 Rxd6 20. Rd1 Rxd1
21. Kxd1 Rd8+ 22. Kc2 Kc7 23. f4 Rd5 24. Bxc6 Kxc6 25. c4 Rc5 26. g5 Kd6 27.
gxf6 gxf6 28. fxe5+ fxe5 29. Rh4 Rc7 30. Kd3 Re7 31. b3 Kc5 32. Kc3 Rd7 33. Rh5
Re7 34. a3 1-0

[Event "Europa ch 2012 femenino"]
[Site "Gaziantep TUR"]
[Date "2012.03.12"]
[Round "10.1"]
[White "Cmilyte, Viktorija"]
[Black "Muzychuk, Anna"]
[Result "0-1"]
[WhiteElo "2497"]
[BlackElo "2583"]
[PlyCount "78"]
[EventDate "2012.03.02"]
[EventType "swiss"]
[EventRounds "11"]
[EventCountry "TUR"]
[Source "lmi"]
[SourceDate "2012.03.02"]

1. Nf3 d5 2. d4 Nf6 3. c4 c6 4. Nc3 e6 5. Bg5 h6 6. Bh4 dxc4 7. e4 g5 8. Bg3 b5
9. Be2 Bg7 10. Qc2 Nh5 11. Rd1 Nxg3 12. hxg3 g4 13. Nh2 f5 14. exf5 exf5 15. d5
Qf6 16. dxc6 Qxc6 17. O-O a6 18. Nd5 Ra7 19. b3 c3 20. Rd3 O-O 21. Rc1 Be6 22.
Nxc3 Rc8 23. b4 Rd7 24. Re3 Rdc7 25. Qd2 Nd7 26. Bd1 Ne5 27. Ne2 Nc4 28. Qe1
Qd6 29. Rb3 Nb2 30. Rxc7 Rxc7 31. Nf4 Rc1 32. Qxe6+ Qxe6 33. Nxe6 Rxd1+ 34. Nf1
Nc4 35. Nxg7 Kxg7 36. Rc3 Nd2 37. Rc7+ Kf8 38. Rc6 Nxf1 39. Rxh6 Nxg3+ 0-1

[Event "Europa ch 2012 femenino"]
[Site "Gaziantep TUR"]
[Date "2012.03.12"]
[Round "10.4"]
[White "Foisor, Cristina-Adela"]
[Black "Dzagnidze, Nana"]
[Result "0-1"]
[WhiteElo "2398"]
[BlackElo "2559"]
[PlyCount "144"]
[EventDate "2012.03.02"]
[EventType "swiss"]
[EventRounds "11"]
[EventCountry "TUR"]
[Source "lmi"]
[SourceDate "2012.03.02"]

1. d4 Nf6 2. c4 e6 3. Nc3 Bb4 4. Qc2 O-O 5. Nf3 c5 6. dxc5 Na6 7. c6 bxc6 8. a3
Bxc3+ 9. Qxc3 Nc5 10. Qc2 a5 11. Be3 Qb6 12. Rc1 d6 13. Bxc5 Qxc5 14. e3 Ba6
15. Be2 Rfb8 16. O-O Rb6 17. Ne1 Rab8 18. Nd3 Qf5 19. b4 axb4 20. axb4 e5 21.
c5 dxc5 22. bxc5 Rb5 23. Nb4 Qxc2 24. Nxc2 Ra5 25. Bxa6 Rxa6 26. Rb1 Rc8 27.
Nb4 Raa8 28. Rfd1 h5 29. f3 Ra5 30. Rbc1 Ra4 31. Nd3 e4 32. Ne5 Ra3 33. Nc4 Ra2
34. fxe4 Rb8 35. Rd2 Ra4 36. Rd4 Ng4 37. Nb6 Ra2 38. Rd3 Re8 39. h3 Nf2 40.
Rdc3 Nxe4 41. R3c2 Ra5 42. Kh2 h4 43. Rc4 Ra3 44. Rd4 Rxe3 45. Nc4 Re2 46. Nd6
Re5 47. Nxe4 R5xe4 48. Rd6 Re6 49. Rc4 g5 50. Rd8+ Kg7 51. Rd6 Rf6 52. Rxf6
Kxf6 53. Rd4 Ke7 54. Rc4 Rd2 55. Kg1 Kf6 56. Rc3 Kg6 57. Kf1 f6 58. Kg1 f5 59.
Kf1 Kf6 60. Rc4 Ke5 61. Rc3 Kd4 62. Rf3 f4 63. Ra3 Rc2 64. Ra4+ Kd3 65. Ra5 Ke3
66. Ra3+ Kd4 67. Ra4+ Rc4 68. Ra8 Rxc5 69. Kf2 Re5 70. Ra4+ Kd5 71. Ra2 c5 72.
Kf3 c4 0-1

[Event "Europa ch 2012 femenino"]
[Site "Gaziantep TUR"]
[Date "2012.03.12"]
[Round "10.6"]
[White "Khotenashvili, Bela"]
[Black "Khurtsidze, Nino"]
[Result "1-0"]
[WhiteElo "2490"]
[BlackElo "2447"]
[PlyCount "63"]
[EventDate "2012.03.02"]
[EventType "swiss"]
[EventRounds "11"]
[EventCountry "TUR"]
[Source "lmi"]
[SourceDate "2012.03.02"]

1. Nf3 Nf6 2. g3 d5 3. Bg2 Nbd7 4. O-O e5 5. d3 Bd6 6. Nbd2 O-O 7. e4 c6 8. b3
Re8 9. h3 Qc7 10. Bb2 b5 11. Nh4 Bb7 12. a4 a6 13. Qe2 Nc5 14. Nf5 Bf8 15. f4
dxe4 16. fxe5 exd3 17. cxd3 Ncd7 18. d4 g6 19. Ne3 Bh6 20. Rae1 Nd5 21. Ng4 Bg7
22. Ne4 c5 23. Nd6 Qxd6 24. exd6 Rxe2 25. Rxe2 cxd4 26. Re7 Nxe7 27. Bxb7 Re8
28. Re1 f5 29. dxe7 fxg4 30. Bd5+ Kh8 31. Bf7 Nf6 32. Bxd4 1-0

[Event "Europa ch 2012 femenino"]
[Site "Gaziantep TUR"]
[Date "2012.03.12"]
[Round "10.7"]
[White "Melia, Salome"]
[Black "Danielian, Elina"]
[Result "0-1"]
[WhiteElo "2400"]
[BlackElo "2478"]
[PlyCount "152"]
[EventDate "2012.03.02"]
[EventType "swiss"]
[EventRounds "11"]
[EventCountry "TUR"]
[Source "lmi"]
[SourceDate "2012.03.02"]

1. e4 c5 2. Nf3 e6 3. d4 cxd4 4. Nxd4 a6 5. Bd3 Bc5 6. Nb3 Ba7 7. Qe2 Nc6 8.
Be3 d6 9. Nc3 b5 10. O-O Bxe3 11. Qxe3 Nge7 12. f4 Qc7 13. Rad1 O-O 14. Kh1 b4
15. Ne2 a5 16. Qg3 a4 17. Nd2 f5 18. Nf3 h6 19. Nfd4 Nxd4 20. Nxd4 Qc5 21. c3
a3 22. exf5 bxc3 23. bxc3 Nxf5 24. Bxf5 exf5 25. Rfe1 Ra7 26. Rb1 Qd5 27. Nb5
Rd7 28. Nxa3 Qxa2 29. Nb5 Kh7 30. Nd4 Rf6 31. Qf3 Re7 32. Ra1 Rxe1+ 33. Rxe1
Qb2 34. Rg1 Bb7 35. Qe3 Be4 36. h3 Rf7 37. Kh2 Rc7 38. Ne2 Rc6 39. Rd1 Ra6 40.
Rd2 Qb1 41. Ng3 d5 42. Qd4 Rg6 43. Qe3 Qc1 44. Re2 Qxe3 45. Rxe3 Rc6 46. Ne2
Kg6 47. Rg3+ Kf6 48. h4 g6 49. Nd4 Rc4 50. Re3 Ra4 51. Re2 Ra3 52. Re3 Ra1 53.
Rg3 Rf1 54. Re3 Rxf4 55. Kh3 g5 56. hxg5+ hxg5 57. Kh2 Rf2 58. Re2 Rf1 59. Ra2
f4 60. Ra6+ Kf7 61. Kh3 Rf2 62. g3 fxg3 63. Kxg3 Rg2+ 64. Kh3 Rg1 65. Kh2 Re1
66. Kg3 Rg1+ 67. Kh2 Rc1 68. Rc6 Ke7 69. Kg3 Kd7 70. Kg4 Rg1+ 71. Kh5 g4 72.
Ra6 g3 73. Ra7+ Kc8 74. Nc6 d4 75. Nxd4 g2 76. Ne2 Re1 0-1

[Event "Europa ch 2012 femenino"]
[Site "Gaziantep TUR"]
[Date "2012.03.12"]
[Round "10.8"]
[White "Hoang Thanh Trang"]
[Black "Paehtz, Elisabeth"]
[Result "1-0"]
[WhiteElo "2438"]
[BlackElo "2459"]
[PlyCount "87"]
[EventDate "2012.03.02"]
[EventType "swiss"]
[EventRounds "11"]
[EventCountry "TUR"]
[Source "lmi"]
[SourceDate "2012.03.02"]

1. d4 d5 2. c4 c6 3. Nf3 Nf6 4. e3 Bf5 5. Nc3 e6 6. Nh4 Be4 7. f3 Bg6 8. Nxg6
hxg6 9. g3 Bd6 10. f4 Nbd7 11. Bg2 dxc4 12. Qe2 Nd5 13. Qxc4 g5 14. Bd2 gxf4
15. exf4 N7f6 16. O-O-O g6 17. Kb1 Qe7 18. Rc1 Kf8 19. h4 Rd8 20. Bf3 Nh5 21.
Ne2 Kg7 22. Rce1 Qc7 23. Bxh5 Rxh5 24. g4 Rh7 25. f5 exf5 26. gxf5 Qd7 27. fxg6
fxg6 28. Rhg1 Qf5+ 29. Ka1 Rh5 30. Ref1 Qe6 31. Nc3 Rf8 32. Re1 Qh3 33. Ne4 Be7
34. Bg5 Bb4 35. Rc1 Rf3 36. Qe2 Rh8 37. Ng3 Rhf8 38. Qe5+ Kh7 39. h5 gxh5 40.
Rh1 Rxg3 41. Rxh3 Rxh3 42. Rg1 Rf7 43. Qe6 Rhf3 44. Qh6+ 1-0

[Event "Europa ch 2012 femenino"]
[Site "Gaziantep TUR"]
[Date "2012.03.12"]
[Round "10.9"]
[White "Kovanova, Baira"]
[Black "Kosintseva, Nadezhda"]
[Result "0-1"]
[WhiteElo "2392"]
[BlackElo "2535"]
[PlyCount "68"]
[EventDate "2012.03.02"]
[EventType "swiss"]
[EventRounds "11"]
[EventCountry "TUR"]
[Source "lmi"]
[SourceDate "2012.03.02"]

1. e4 c5 2. Nf3 d6 3. c4 Nf6 4. Nc3 Bg4 5. h3 Bxf3 6. Qxf3 Nc6 7. d3 g6 8. g3
Bg7 9. Bg2 O-O 10. O-O a6 11. Be3 Rb8 12. Qd1 b5 13. cxb5 axb5 14. f4 Nd7 15.
e5 Nd4 16. exd6 exd6 17. Qd2 Re8 18. Rae1 b4 19. Nd5 b3 20. axb3 Rxb3 21. Nc3
Qb8 22. Bxd4 Bxd4+ 23. Kh1 Rxe1 24. Qxe1 Rxb2 25. Qe7 Nf6 26. Ne2 Kg7 27. f5 g5
28. Nxd4 cxd4 29. Re1 Qb5 30. Qxd6 Qxd3 31. Re7 Qb1+ 32. Kh2 Qa2 33. Qc6 Qd5
34. Qxd5 Nxd5 0-1